Abbott Elementary Cast - Statistics

General Stats
  • This quiz has been taken 156 times
  • The average score is 7 of 12
Answer Stats
Picture Answer % Correct
janine teagues
87%
Barbara Howard
85%
Gregory Eddie
83%
Mr. Johnson
76%
Ava Coleman
73%
Melissa Schemmenti
64%
Jacob Hill
61%
Tariq
60%
Manny
36%
Erika
32%
Maurice
29%
Ashley
25%
No matching quizzes found
Score Distribution
Percent of People with Each Score
Percentile by Number Answered
Your Score History
You have not taken this quiz